[Event "Baden-ch U2000"]
[Site "Walldorf"]
[Date "2017.07.28"]
[Round "5"]
[White "Kara, Ahmet"]
[Black "Schaefer, Wolfgang"]
[Result "1-0"]
[WhiteElo "1814"]
[BlackElo "1877"]
[PlyCount "113"]
[EventDate "2017.07.26"]
[EventType "swiss"]
[EventRounds "7"]
[EventCountry "GER"]
[SourceTitle "EXT 2018"]
[Source "ChessBase"]
[SourceDate "2017.10.13"]
[SourceVersion "1"]
[SourceVersionDate "2017.10.13"]
[SourceQuality "1"]

1. e4 d6 2. d4 Nf6 3. Nc3 g6 4. f3 Bg7 5. Be3 0-0 6. g4 c6 7. Qd2 Qa5 8. Bh6 Nbd7 9. h4 Rd8 10. Bxg7 Kxg7 11. h5 gxh5 12. g5 Ng8 13. Rxh5 Nf8 14. Qh2 Qb4 15. 0-0-0 a5 16. d5 a4 17. a3 Qb6 18. Bd3 Bd7 19. e5 Qe3+ 20. Kb1 Qxe5 21. f4 Qe3 22. Rxh7+ Nxh7 23. Qxh7+ Kf8 24. g6 fxg6 25. Bxg6 Be8 26. Bxe8 Rxe8 27. Nh3 Rec8 28. Rg1 Ke8 29. Rxg8+ Kd7 30. Qf5+ Kc7 31. Rxc8+ Rxc8 32. dxc6 bxc6 33. Ng5 Rh8 34. Qa5+ Kd7 35. Qxa4 Rh1+ 36. Ka2 Rf1 37. Nd5 Qc5 38. Nc3 Qe3 39. Qa6 Rxf4 40. Qb7+ Kd8 41. Qb8+ Kd7 42. Qb7+ Kd8 43. Qxc6 Rf5 44. Qa8+ Kd7 45. Nge4 Re5 46. Qa4+ Kd8 47. Qc4 d5 48. Qc5 Qxc5 49. Nxc5 Kc7 50. Nd3 Rf5 51. Nf4 Kd6 52. Nfxd5 e5 53. Ne3 Rf3 54. Nc4+ Ke6 55. a4 Kf5 56. a5 Rf2 57. a6 1-0